000 00398nam a22001217a 4500
082 _aTHE 200
100 _aAmmarah Farooq
_915375
245 _aTH-SOF-1408-Deep CNN Based Multi-class Classification of Alzheimer's Disease using MRI
260 _aIslamabad
_bNUST College of EME
_c2017
650 _aMS-COMPUTER ENGINEERING-81 MSTHESIS
700 _aSupervisor Dr. Saad Rehman
_969890
942 _cCF
999 _c577232
_d577232